| 000 | 01065nam a2200301 i 4500 | ||
|---|---|---|---|
| 005 | 20220317000931.0 | ||
| 008 | 160601s2002 sp a gs 000 0 spa d | ||
| 020 | _a8484180476 | ||
| 040 |
_aCO-BoRNBP _bspa _cCO-BoRNBP _erda |
||
| 041 | 0 | _aspa | |
| 082 | 0 | 4 |
_a784.1923 _bV15c |
| 100 | 1 |
_aVan de Wouwer, Brigitte _eautora |
|
| 245 | 1 | 0 |
_aCreando instrumentos con los niños _ctexto e ilustraciones Brigitte Van de Wouwer ; traducción Malva Calzado |
| 250 | _aSegunda edición | ||
| 264 | 1 |
_aBarcelona _bZendrera Zariquiey _c2002 |
|
| 300 |
_a30 páginas _bilustraciones, fotografías a color _c30 cm |
||
| 336 |
_atexto _btxt _2rdacontent |
||
| 337 |
_asin mediación _bn _2rdamedia |
||
| 338 |
_avolumen _bnc _2rdacarrier |
||
| 534 | _tInstruments des tout-petits | ||
| 650 | 1 | 4 |
_aTrabajos manuales _2LEMB |
| 650 | 1 | 4 |
_aInstrumentos musicales _2LEMB |
| 650 | 1 | 4 |
_aArtesanías _xEnseñanza elemental _2LEMB |
| 650 | 1 | 4 |
_aAptitud creadora _2LEMB |
| 700 | 1 |
_aVan de Wouwer, _eilustrador _9127780 |
|
| 700 | 1 |
_aCalzado, Malva, _etraductora _9127781 |
|
| 942 |
_2ddc _cBK |
||
| 999 |
_c5457 _d5457 |
||